เปลี่ยนเป็นภาษาไทย

Change to English
 แสดงรายละเอียดบรรณานุกรม
  กลับหน้าหลัก

Brief Record : Get Marc (ISO 2709) : E-mail record : QR code กลับ
E-books : เกี่ยวกับ Collections
LEADER 00000nam 2200000uu 4500
001    13399128831
003     BCNR
008    260702s2567||||th 000 0 tha d
020    ^a9786164031135
041    ^atha
060  4 ^aWB425^bม551ค 2567
100 1  ^aมาสุเอะ, ทาเคชิ
245 00 ^aใครอยากผอม จงเลิกจำกัดแคลอรีซะ /^cมาสุเอะ ทาเคชิ, เขียน ; อำนาจ เหลืองวีระ, แปล
250    ^aพิมพ์ครั้งที่ 1
260    ^aกรุงเทพฯ :^bฟรีมายด์,^c2567
300    ^a167 หน้า :^bภาพประกอบ ;^c21 ซม.
505 0  ^aบทนำ เปลี่ยน "การไดเอ็ตแบบไม่กิน" เป็น "การไดเอ็ตแบบกินไปผอมไป" -- บทที่ 1 สิ่งสำคัญในการไดเอ็ตแบบใหม่ คือ "การประหยัดอินซูลิน" -- บทที่ 2 กินตอนไหนและอย่างไรคือกุญแจสำคัญ ในการไดเอ็ต -- บทที่ 3 แนวคิดเรื่องไดเอ็ตที่พูดกัน แล้วหมอไม่เห็นด้วย -- บทที่ 4 คนที่อยากผอมควรเลือกสิ่งนี้ แล้วเราควรเลือกกินสิ่งไหนดี
650  4 ^aโรคอ้วน
650  4 ^aการดูแลสุขภาพด้วยตนเอง
650  4 ^aการลดน้ำหนัก
650  4 ^aการกำหนดอาหาร
700 0  ^aอำนาจ เหลืองวีระ,^eผู้แปล
999    ^aบรรณารักษ์
รายการนี้ยังไม่มีแท็ก
คุณยังไม่ได้ล็อกอิน คุณสามารถมีกิจกรรมร่วมกับเว็บไซต์ได้ แต่ต้องล็อกอินก่อน ::
  ล็อกอิน
ลำดับที่ ประเภท เลขเรียก/บาร์โค้ด สถานที่ สถานะ
1. หนังสือ
หนังสือ
WB425 ม551ค 2567 c.1 
  Barcode: 088085
ห้องสมุดสาขาหลัก
►หนังสือทั่วไป
On Shelf
2. หนังสือ
หนังสือ
WB425 ม551ค 2567 c.2 
  Barcode: 088086
ห้องสมุดสาขาหลัก
►หนังสือทั่วไป
On Shelf
3. หนังสือ
หนังสือ
WB425 ม551ค 2567 c.3 
  Barcode: 088087
ห้องสมุดสาขาหลัก
►หนังสือทั่วไป
On Shelf
   [แสดง 3/3 รายการ]

รายการใกล้เคียง
    หัวเรื่อง [โรคอ้วน]
    หัวเรื่อง [การดูแลสุขภาพด้วยตนเอง]
    หัวเรื่อง [การลดน้ำหนัก]
    หัวเรื่อง [การกำหนดอาหาร]

BibComment


ยังไม่เคยถูกคอมเมนท์

คอมเมนท์ทรัพยากรรายการนี้
  คอมเมนท์: ใครอยากผอม จงเลิ..
Bib 13399128831

 
 
 

 Union Library Management : ULibM
Copyright 2026. All Rights Reserved.